000 01750nam a2200517 i 4500
001 40924
003 KOSZ 005
005 20220427110601.0
008 030317s2001 pl a |000 0 pol
015 _aUWD 2003/5365
035 _a991017733259705066
035 _a(PL-WaBN)b14798220-48omnis_nlop
035 _ab14798220
035 _a(OCoLC)749235947
035 _acc2002007699
035 _a(PL)b0000001479822
035 _a(EXLNZ-48OMNIS_NETWORK)9910332647705606
040 _aWA N
_cWA N
_dKOSZ 005/HR
041 0 _apol
046 _k2001
080 _a621.77
080 _a628.2
080 _a539.4
100 1 _aKuliczkowski, Andrzej
_d(1950- )
_eAutor
245 1 0 _aRury kanalizacyjne.
_n[T. 1],
_pWłasności materiałowe /
_cAndrzej Kuliczkowski.
260 _aKielce :
_bWydawnictwo PŚ,
_c2001.
300 _a261 s. :
_bil. ;
_c24 cm.
336 _aTekst
_btxt
_2rdacontent
337 _aBez urządzenia pośredniczącego
_bn
_2rdamedia
338 _aWolumin
_bnc
_2rdacarrier
380 _aKsiążki
388 _a2001-
490 1 _aMonografie, Studia, Rozprawy / [Politechnika Świętokrzyska] ;
_v28
500 _aNa s. red. i okł. zbędny ISSN.
504 _aBibliogr.
650 7 _aKanalizacja
_2DBN
650 7 _aBudowa i konstrukcje
650 7 _aRury
_2DBN
650 7 _aWytrzymałość materiałów
_2DBN
658 _aInżynieria i technika
710 2 _aWydawnictwo Politechniki Świętokrzyskiej
_4pbl
830 0 _aMonografie, Studia, Rozprawy - Politechnika Świętokrzyska
_v28
856 _uhttp://koha.tu.koszalin.pl/cgi-bin/koha/opac-detail.pl?biblionumber=40924
_yKatalog online BPK
942 _2UKD
_cKS
999 _c40924
_d40924